|
|
|
|
| LEADER |
00000cas a2200000 a 4500 |
| 001 |
vtls008160211 |
| 003 |
SK-MaSNL |
| 005 |
20260228163524.0 |
| 008 |
050614d19982008xo qr p 0 b0slo |
| 040 |
|
|
|a SNK
|b slo
|c SNK
|d SVKBB
|e AACR2
|
| 041 |
0 |
|
|a slo
|
| 043 |
|
|
|a e-xo---
|
| 044 |
|
|
|a xo
|c SK
|
| 072 |
|
7 |
|a 394
|x Verejný a spoločenský život. Každodenný život
|2 konspekt
|
| 072 |
|
7 |
|a 352/354
|x Stupne miestnej, oblastnej a ústrednej správy
|2 konspekt
|
| 072 |
|
7 |
|a 316.7
|x Sociológia kultúry. Kultúrny život
|2 konspekt
|
| 080 |
|
|
|a 316.728
|2 2011
|
| 080 |
|
|
|a 353.9
|2 2011
|
| 080 |
|
|
|a 394
|2 2011
|
| 080 |
|
|
|a 050
|2 2011
|
| 080 |
|
|
|a (437.671)
|2 2011
|
| 080 |
|
|
|a (051)+(054)
|2 2011
|
| 080 |
|
|
|a (437.6)
|2 2001
|
| 245 |
0 |
0 |
|a Obecný spravoDAJ
|b noviny občanov Štrby a Tatranskej Štrby
|
| 246 |
1 |
3 |
|a Obecný spravodajca - Štrbské noviny
|f 2/2003-2/2008
|
| 246 |
1 |
3 |
|a Obecný spravodaj
|
| 246 |
1 |
3 |
|a Obecný spravodajca
|f 3/2008-4/2008
|
| 260 |
|
|
|a Štrba
|b OTV
|c 1998-2008
|
| 300 |
|
|
|a 11 zv.
|c 30 cm
|
| 310 |
|
|
|a 4x ročne
|
| 362 |
0 |
|
|a Roč. 1, č. 1 (1998)-roč. 11, č. 4 (dec. 2008)
|
| 500 |
|
|
|a Registračné č.: OÚ 5/98
|
| 500 |
|
|
|a Podnázov od č. 2/2003-4/2008, noviny pre občanov Štrby, Tatranskej Štrby a Štrbského plesa
|
| 500 |
|
|
|a Popis podľa: Roč. VI, č. 2 (2003)
|
| 500 |
|
|
|a Reg. č.: EV 772/08
|
| 650 |
0 |
7 |
|a každodenný život
|2 SNKPH
|9 4946
|
| 650 |
0 |
7 |
|a územná samospráva
|2 SNKPH
|9 802
|
| 651 |
|
7 |
|a Štrba (Slovensko)
|2 SNKPH
|9 56257
|
| 651 |
|
7 |
|a Tatranská Štrba (Štrba, Slovensko)
|2 SNKPH
|9 54975
|
| 651 |
|
7 |
|a Štrbské Pleso (Štrba, Slovensko)
|2 SNKPH
|9 174790
|
| 655 |
|
7 |
|a miestne periodiká
|2 SNKPH
|9 160938
|
| 785 |
0 |
0 |
|t Štrbské noviny
|x 2453-6482
|w vtls009951493
|
| 910 |
|
|
|a snk
|
| 916 |
|
|
|a 2003-2008
|
| 958 |
|
|
|a OND
|
| 999 |
|
|
|c 9733
|d 11663
|
| 952 |
|
|
|0 0
|1 0
|4 0
|7 0
|8 0
|a SNK
|b SNK
|d 2006-05-18
|f 1
|i snk2006/10068
|l 0
|o snkČSB 5453/6/2003
|p 17A0488991
|r 2026-02-21 19:52:16
|t č. 1-4, neúplné
|w 2026-02-21
|y PREZ
|z Chýba č. 1
|
| 952 |
|
|
|0 0
|1 0
|4 0
|7 0
|8 0
|a SNK
|b SNK
|d 2006-05-18
|f 1
|i snk2006/10069
|l 0
|o snkČSB 5453/7/2004
|p 17A0488992
|r 2026-02-21 19:52:16
|t č. 1-4
|w 2026-02-21
|y PREZ
|
| 952 |
|
|
|0 0
|1 0
|4 0
|7 0
|8 0
|a SNK
|b SNK
|d 2017-09-29
|f 1
|i snk2017/21041
|l 0
|o snkČSB 5453/8/2005
|p 17A1264797
|r 2026-02-21 21:56:33
|t č. 1-4 + príl.
|w 2026-02-21
|y PREZ
|z Príl.: Civilná ochrana - Čo má každý vedieť v prípade ohrozenia
|
| 952 |
|
|
|0 0
|1 0
|4 0
|7 0
|8 0
|a SNK
|b SNK
|d 2017-09-29
|f 1
|i snk2017/21041
|l 0
|o snkČSB 5453/9/2006
|p 17A1264798
|r 2026-02-21 21:56:33
|t č. 1-4
|w 2026-02-21
|y PREZ
|
| 952 |
|
|
|0 0
|1 0
|4 0
|7 0
|8 0
|a SNK
|b SNK
|d 2017-09-29
|f 1
|i snk2017/21041
|l 0
|o snkČSB 5453/10/2007
|p 17A1264799
|r 2026-02-21 21:56:33
|t č. 1-3 + príl.
|w 2026-02-21
|y PREZ
|z Príl.: Moja obec - takto ju vidím - takto by mala vyzerať
|
| 952 |
|
|
|0 0
|1 0
|4 0
|7 0
|8 0
|a SNK
|b SNK
|d 2017-09-29
|f 1
|i snk2017/21041
|l 0
|o snkČSB 5453/11/2008
|p 17A1264800
|r 2026-02-21 21:56:33
|t č. 1-4
|w 2026-02-21
|y PREZ
|